000 00764nam a2200253 a 4500
001 4985172
005 20180301072210.0
008 980226s1998 njua 000 0 eng
010 _a 98120302
020 _a0132281643 (student book)
020 _a0138720290 (activity book)
020 _a0138701148 (teacher's manual)
020 _a0138704112 (cassettes)
040 _aDLC
_cDLC
041 _aeng
080 _a428.24 GRA
082 0 0 _a428.24 GRA
_221
100 1 _a25
101 _aEDU
245 1 0 _aEnglish extra /
_cGrace Tanaka and Kay Ferrell.
906 _a7
_bcbc
_corignew
_d2
_encip
_f19
_gy-gencatlg
942 _2ddc
_cBK
999 _c43832
_d43832